| 000 | 00410cam a22001217a 4500 | ||
|---|---|---|---|
| 008 | 180718b1987 xxu||||| |||| 00| 0 eng d | ||
| 082 | _aOA6x54 In2ec | ||
| 100 | _aIndia. National Committee on Tourism | ||
| 245 |
_aNational Committee on Tourism on Economic Benefits of Tourism _cby Ministry of Tourism |
||
| 260 |
_aNew Delhi _bMinistry of Tourism _c1987 |
||
| 300 | _a50p. | ||
| 700 | _aIndia. Ministry of Tourism | ||
| 999 |
_c494260 _d494260 |
||